[Event "RUS-ch blitz"]
[Site "Sochi"]
[Date "2018.10.07"]
[Round "1.18"]
[White "Alekseev, Evgeny V"]
[Black "Pashkov, A."]
[Result "1/2-1/2"]
[WhiteElo "2620"]
[BlackElo "2144"]
[PlyCount "141"]
[EventDate "2018.10.07"]
[EventType "swiss (blitz)"]
[EventRounds "20"]
[EventCountry "RUS"]
[SourceTitle "CBM 186 Extra"]
[Source "ChessBase"]
[SourceDate "2018.08.24"]
[SourceVersion "1"]
[SourceVersionDate "2018.08.24"]
[SourceQuality "1"]

1. e4 d5 2. exd5 Nf6 3. Nf3 Nxd5 4. d4 g6 5. c4 Nb6 6. Nc3 Bg7 7. c5 Nd5 8. Bc4 c6 9. 0-0 0-0 10. Re1 h6 11. Ne5 Be6 12. Bf1 Bf5 13. Qb3 b6 14. Nxd5 cxd5 15. Bf4 bxc5 16. dxc5 Nd7 17. Qxd5 Nxe5 18. Qxd8 Nf3+ 19. gxf3 Rfxd8 20. Be5 Be6 21. Bxg7 Kxg7 22. b4 Kf6 23. a3 Bd5 24. f4 g5 25. fxg5+ hxg5 26. Rac1 a6 27. Rc3 e6 28. a4 Rh8 29. b5 Rh4 30. h3 g4 31. c6 Rg8 32. Kh2 gxh3 33. Rxh3 Rhg4 34. f3 Rxa4 35. bxa6 Bxc6 36. Rd1 Rb8 37. Rd2 Bb5 38. Bxb5 Rxb5 39. Rh6+ Ke7 40. Kg2 Rxa6 41. Rh3 Rba5 42. Rg3 Ra2 43. Rxa2 Rxa2+ 44. Kf1 Kf6 45. Rg4 Kf5 46. Rb4 f6 47. Ke1 e5 48. Rc4 Kg5 49. Rg4+ Kf5 50. Rc4 Ke6 51. Rc6+ Kf5 52. Rc4 Kg6 53. Kf1 f5 54. Kg1 Kg5 55. Rb4 Kf6 56. Rb5 f4 57. Kf1 Kf5 58. Rb8 Kg5 59. Rg8+ Kf6 60. Rb8 Ke6 61. Rb5 Kd6 62. Ke1 Ke6 63. Kf1 Rd2 64. Ke1 Rd5 65. Rb6+ Kf5 66. Rb8 Rd6 67. Ke2 Ra6 68. Rg8 Ra2+ 69. Ke1 e4 70. Rf8+ Kg5 71. Rh8 1/2-1/2

[Event "RUS-ch rapid"]
[Site "Sochi"]
[Date "2018.10.06"]
[Round "8.31"]
[White "Pashkov, A."]
[Black "Lugovskoy, Maxim"]
[Result "0-1"]
[WhiteElo "2144"]
[BlackElo "2428"]
[PlyCount "62"]
[EventDate "2018.10.05"]
[EventType "swiss (rapid)"]
[EventRounds "11"]
[EventCountry "RUS"]
[SourceTitle "CBM 186 Extra"]
[Source "ChessBase"]
[SourceDate "2018.08.24"]
[SourceVersion "1"]
[SourceVersionDate "2018.08.24"]
[SourceQuality "1"]

1. e4 e6 2. d4 d5 3. Nc3 Bb4 4. Bd2 dxe4 5. Qg4 Nf6 6. Qxg7 Rg8 7. Qh6 b6 8. 0-0-0 Qe7 9. Nge2 Nbd7 10. Bg5 Bb7 11. Qh4 0-0-0 12. d5 h6 13. Bxf6 Nxf6 14. dxe6 Rxd1+ 15. Nxd1 Qxe6 16. a3 Be7 17. Nf4 Qd7 18. Qh3 Ng4 19. Be2 f5 20. f3 Bg5 21. fxg4 Bxf4+ 22. Kb1 fxg4 23. Qh5 Kb8 24. Rf1 Qd2 25. Bxg4 Qc1+ 26. Ka2 Rd8 27. Rf2 Bd5+ 28. b3 e3 29. Re2 Qxd1 30. Rf2 exf2 31. Bxd1 f1Q 0-1